000 00524nam a2200181Ia 4500
003 GCL
008 140319s9999 xx 000 0 ara d
040 _aGCL /
_cGCL
082 0 4 _a805
_bم ف
100 1 _aمحمود درويش
245 1 0 _aفصيلة ثقافية /
_cمحمود درويش
300 _a331 ص
490 _aالهيئة العامة للاستعلامات
_v0
650 0 4 _aالقصص
650 0 4 _aالدوريات
650 0 4 _aالشعر العربى - العصر الحديث
942 _2ddc
_cBK
999 _c50958
_d50958